000 00201nam a22000857a 4500
008 230504b ||||| |||| 00| 0 eng d
100 _aH. E. Harris & Co
245 _aThe Stamp Finder
650 _aFind stamps
999 _c3521
_d3521